| 000 | 01878nam0a2200373 4500 | ||
|---|---|---|---|
| 001 | RU\NLR\bibl\51554 | ||
| 005 | 20260406060350.0 | ||
| 010 |
_a5-89395-120-4 _910000 |
||
| 021 |
_aRU _b99-28214 _91373 |
||
| 035 | _a(NLR Aleph) 000050279 | ||
| 090 |
_a268916 _c268916 |
||
| 100 | _a19991007d1999 |||y0rusy50 ca | ||
| 101 | 0 | _arus | |
| 102 | _aRU | ||
| 105 | _ay ||||||||| | ||
| 200 | 1 |
_aДетская и педагогическая психология _fП.Ф. Каптерев _g[Авт. вступ. ст., коммент. и сост. д.психол.н., проф. Н.С. Лейтес] _gАкад. пед. и социал. наук, Моск. психолого-социал. ин-т |
|
| 210 |
_aМ. _cМоск. психолого-социал. ин-т _aВоронеж _cИзд-во НПО "МОДЭК" _d1999 |
||
| 215 |
_a331 с. _d20 |
||
| 225 | 1 |
_aПсихологи Отечества _eИзбр. психол. тр. _eВ 70 т. _fГл. ред. Д.И. Фельдштейн |
|
| 320 | _aБиблиогр. в коммент.: с. 318-325 | ||
| 320 | _aПсихол. тр. П.Ф. Каптерева (в хронол. порядке): с. 326-330 | ||
| 606 | 0 |
_aДети _xПсихология _9960610 _3RU\NLR\auth\6639781 |
|
| 606 | 1 |
_aДетская психология _92225280 _3RU\NLR\AUTH\6601568859 |
|
| 606 | 0 |
_aПедагогическая психология _91006945 _3RU\NLR\auth\6665004 |
|
| 686 | _aЮ98г | ||
| 700 | 1 |
_4070 _7ca _8rus _aКаптерев _bП. Ф. _f1849-1922 _gПетр Федорович _9120367 _3RU\NLR\auth\7710599 |
|
| 702 | 1 |
_4220 _7ca _8rus _aЛейтес _bН. С. _f1918- _gНатан Семенович _921075 _3RU\NLR\auth\7738088 |
|
| 801 | 0 |
_aRU _bNLR _c19991007 _gPSBO |
|
| 801 | 1 |
_aRU _bNLR _c19991007 |
|
| 852 |
_aNLR _j99-3/11929 |
||
| 942 | _cBOOK | ||
| 980 | _aNB | ||